| 000 | 00485nam a22001817a 4500 | ||
|---|---|---|---|
| 003 | OSt | ||
| 005 | 20220107122804.0 | ||
| 008 | 150914b xxu||||| |||| 00| 0 eng d | ||
| 020 | _a9788184873504 | ||
| 040 | _cIIITMK | ||
| 082 | _a686.22544 NAM/L | ||
| 100 |
_aNambudiripad, K. B. M. _97672 |
||
| 245 |
_aLatex for beginners _cby K. B. M. Nambudiripad |
||
| 260 |
_aNew Delhi, _bNarosa Publishing House, _c2014. |
||
| 300 | _axxiv, 342p. | ||
| 650 |
_aLATEX _97673 |
||
| 942 |
_2ddc _cBK |
||
| 999 |
_c4814 _d4814 |
||